000 00358nam a2200133Ia 4500
005 20251222153601.0
008 251222s9999||||xx |||||||||||||| ||spa||
020 _a9972637743
082 _a320.98/C76
245 0 _aGeneración de Consensos en Situaciones de Conflicto:
250 _a1ra.ed.
264 _bTarea Asociación Gráfica Educativa
942 _cLIB
999 _c31218
_d31218